| 000 | 00529pam a2200169 a 4500 | ||
|---|---|---|---|
| 020 | _a0070043124 (acidfree paper) | ||
| 082 | 0 | 0 |
_a693.1 _bBEA |
| 100 | 1 |
_aBeall, Christine. _945446 |
|
| 245 | 1 | 0 |
_aMasonry design and detailing : _bfor architects, engineers, and contractors / _cChristine Beall. |
| 250 | _a3rd ed. | ||
| 260 |
_aNew York : _bMcGraw-Hill, _cc1993. |
||
| 300 |
_axix, 538 p. : _bill. ; _c29 cm. |
||
| 526 |
_a0 _b0 _c0 _d693_100000000000000_BEA |
||
| 650 | 0 |
_aMasonry. _936353 |
|
| 650 | 0 |
_aMCE _9379 |
|
| 942 |
_2ddc _cBK |
||
| 999 |
_c548970 _d548970 |
||